| 000 | 00484nmm a2200157Ia 4500 | ||
|---|---|---|---|
| 008 | 251105s9999||||xx |||||||||||||||||und|| | ||
| 041 | _aspa | ||
| 100 | _aCabezas López, Araceli | ||
| 245 | 0 | _aHistoria del arte en España | |
| 264 |
_a[Madrid, España] : _bMinisterio de Educación, Cultura y Deporte de España, _c2011 |
||
| 300 | _a405 páginas | ||
| 490 | _aAula Mentor | ||
| 650 | _aArts in general | ||
| 856 | _uhttps://public.digitaliapublishing.com/a/20931 | ||
| 942 | _cCF | ||
| 999 |
_c98419 _d98419 |
||